Yearbook of labour statistics. (Record no. 14890)
[ view plain ]
| 000 -LEADER | |
|---|---|
| fixed length control field | 00525cam a22001932 4500 |
| 001 - CONTROL NUMBER | |
| control field | 0000001998 |
| 005 - DATE AND TIME OF LATEST TRANSACTION | |
| control field | 20151217161130.0 |
| 008 - FIXED-LENGTH DATA ELEMENTS--GENERAL INFORMATION | |
| fixed length control field | 070330s xx 000 0 eng d |
| 020 ## - INTERNATIONAL STANDARD BOOK NUMBER | |
| International Standard Book Number | 9220073501 |
| 040 ## - CATALOGING SOURCE | |
| Original cataloging agency | KABU |
| Transcribing agency | KABU |
| 050 #0 - LIBRARY OF CONGRESS CALL NUMBER | |
| Classification number | HD5712 |
| Item number | .Y43 1995 |
| 245 10 - TITLE STATEMENT | |
| Title | Yearbook of labour statistics. |
| 260 ## - PUBLICATION, DISTRIBUTION, ETC. (IMPRINT) | |
| Place of publication, distribution, etc. | Geneva : |
| Name of publisher, distributor, etc. | ILO, |
| Date of publication, distribution, etc. | 1995. |
| 300 ## - PHYSICAL DESCRIPTION | |
| Extent | xvi, 1069 p. |
| 650 #0 - SUBJECT ADDED ENTRY--TOPICAL TERM | |
| Topical term or geographic name as entry element | Labour |
| General subdivision | Statistics |
| Form subdivision | Periodicals. |
| -- | 0000151238 |
| 908 ## - PUT COMMAND PARAMETER (RLIN) | |
| Put command parameter | 070330 |
| 950 ## - LOCAL HOLDINGS (RLIN) | |
| -- | 1 |
| Withdrawn status | Lost status | Source of classification or shelving scheme | Not for loan | Home library | Current library | Date acquired | Total Checkouts | Full call number | Barcode | Date last seen | Price effective from | Koha item type |
|---|---|---|---|---|---|---|---|---|---|---|---|---|
| Library of Congress Classification | Not For Loan | Kabarak, Main Campus | Kabarak, Main Campus | 17/12/2015 | HD4826 .I58 1995 | 012979 | 17/12/2015 | 17/12/2015 | Reference |